000 00372nam a22001337a 4500
082 _a620.9
_bHOW
_cL-24, P-21
100 _aHoward, R
_941127
245 _aThe Works technical information service
260 _aLondon
_bEmmott & CO. Limited
_c1946
300 _a24 p. :
_bill. :
_c4 Cm
526 _a0
_b0
_c0
_d620_900000000000000_HOW
650 _aMCE
_9379
942 _2ddc
_cBK
999 _c545314
_d545314